Normal view MARC view
  • Danial Nadeem | Mirza Elaaf Shuja | Kamran Siddique

Entry Personal Name

Number of records used in: 3

001 - CONTROL NUMBER

  • control field: 5095

003 - CONTROL NUMBER IDENTIFIER

  • control field: NUST

005 - DATE AND TIME OF LATEST TRANSACTION

  • control field: 20170928135201.0

008 - FIXED-LENGTH DATA ELEMENTS

  • fixed length control field: 170928|| aca||aabn | a|a d

040 ## - CATALOGING SOURCE

  • Original cataloging agency: NUST
  • Transcribing agency: NUST

100 ## - HEADING--PERSONAL NAME

  • Personal name: Danial Nadeem | Mirza Elaaf Shuja | Kamran Siddique

670 ## - SOURCE DATA FOUND

  • Source citation: Work cat.: (NUST): Danial Nadeem | Mirza Elaaf Shuja | Kamran Siddique, Smart Electricity metering system, 2017
© 2023 Central Library, National University of Sciences and Technology. All Rights Reserved.